| 000 | 01421cam a22004215a 4500 | ||
|---|---|---|---|
| 001 | BDV4338FW | ||
| 003 | EG-ScBUE | ||
| 005 | 20221031120118.0 | ||
| 008 | 770127s1977 maua frb 00010 eng d | ||
| 020 | _a9780262720069 | ||
| 020 | _a026272006X | ||
| 035 | _a(OCoLC)ocm02797808 | ||
| 035 | _a(InU)BDV4338FW | ||
| 035 | _a(InU)BDV4339NW | ||
| 040 |
_aDLC _beng _erda _cDLC _dm.c. _dIUL _dEG-ScBUE |
||
| 043 | _an-us-nv | ||
| 082 | 0 | 4 |
_a720.979313 _bVEN _222 |
| 100 | 1 |
_aVenturi, Robert, _eauthor. |
|
| 245 | 1 | 0 |
_aLearning from Las Vegas : _bthe forgotten symbolism of architectural form / _cRobert Venturi, Denise Scott Brown, Steven Izenour. |
| 250 | _aRevised edition. | ||
| 264 | 1 |
_aCambridge, Massachusetts : _bMIT Press, _c[1977] |
|
| 264 | 4 | _cc1977 | |
| 300 |
_axvii, 192 pages : _billustrations ; _c24 cm |
||
| 336 |
_2rdacontent _atext _btxt |
||
| 337 |
_2rdamedia _aunmediated _bn |
||
| 338 |
_2rdacarrier _avolume _bnc |
||
| 500 | _aIncludes Appendices. | ||
| 504 | _aIncludes bibliographical references. | ||
| 546 | _aText in English ; summary in English. | ||
| 650 | 7 |
_aArchitecture _zNevada _zLas Vegas. _2BUEsh |
|
| 650 | 7 |
_aSymbolism in architecture. _2BUEsh _937717 |
|
| 651 | 7 |
_aLas Vegas (Nev.) _xBuildings, structures, etc. _2BUEsh |
|
| 653 |
_bENGARC _cMarch2018 |
||
| 655 | _vReading book | ||
| 700 | 2 | 0 |
_aScott Brown, Denise, _d1931- |
| 700 | 1 | 0 | _aIzenour, Steven. |
| 942 |
_2ddc _cBB |
||
| 999 |
_c26431 _d26403 |
||